Trần Thủ Độ và sự nghiệp nhà Trần : Truyện ký danh nhân /
Kaydedildi:
| Yazar: | |
|---|---|
| Materyal Türü: | Sách giấy |
| Dil: | Vietnamese |
| Baskı/Yayın Bilgisi: |
Hà Nội :
Văn học ,
1995
|
| Etiketler: |
Etiketle
Etiket eklenmemiş, İlk siz ekleyin!
|
| Thư viện lưu trữ: | Thư viện Trường Đại học Đà Lạt |
|---|
| LEADER | 00602nam a2200241 4500 | ||
|---|---|---|---|
| 001 | DLU020010211 | ||
| 005 | ##11/17/1999 | ||
| 041 | # | # | |a vie |
| 082 | # | # | |a 923.2 |b NG-P |
| 090 | # | # | |a 923.2 |b NG-P |
| 100 | # | # | |a Ngô Văn Phú |
| 245 | # | # | |a Trần Thủ Độ và sự nghiệp nhà Trần : |b Truyện ký danh nhân / |c Ngô Văn Phú |
| 260 | # | # | |a Hà Nội : |b Văn học , |c 1995 |
| 300 | # | # | |a 248 tr.; |c 18 cm. |
| 992 | # | # | |a 13000 |
| 994 | # | # | |a DLU |
| 900 | # | # | |a False |
| 911 | # | # | |a Administrator |
| 925 | # | # | |a G |
| 926 | # | # | |a A |
| 927 | # | # | |a SH |
| 980 | # | # | |a Thư viện Trường Đại học Đà Lạt |